Państwa na literę K, ale... - Statystyki

Ogólne statystyki
  • Ten quiz został rozwiązany 76 razy
  • Średni wynik to 6 z 7
Statystyki odpowiedzi
Państwa % Poprawnych
Korea Północna
93%
Korea Południowa
93%
Kazachstan
92%
Kirgistan
90%
Kambodża
86%
Kuwejt
83%
Katar
69%
Nie znaleziono quizów pasujących do podanych kryteriów
Rozkład punktacji
Procent ludzi z każdym wynikiem
Percentyl według liczby udzielonych odpowiedzi
Twoja historia wyników
Nie rozwiązałeś tego quizu